| 000 | 00377nam a2200133Ia 4500 | ||
|---|---|---|---|
| 008 | 230801s9999||||xx |||||||||||||| ||und|| | ||
| 020 | _a9780521691024 | ||
| 082 |
_a428.24076 _bJ257 |
||
| 100 | _aJakeman, Vanessa & McDowell, Clare | ||
| 245 | 0 | _aInsight into IELTS extra with answers | |
| 260 |
_aCambridge _bCambridge University Press _c2003 |
||
| 300 | _a158 p. | ||
| 942 | _cBK | ||
| 999 |
_c26940 _d26940 |
||